000 01090nam a2200241 u 4500
001 000280142
003 AM-YEHGA
005 20250618071834.0
008 031105s1983 ai r 000 0 arm d
040 _aAM-YeHGA
041 0 _aarm
100 1 _aՇաթիրյան, Միքայել Ալեքսանդրի,
_d1916-1985
_92744
245 1 0 _aԱրծաթե դար :
_b[Պատմավեպ]: 2 գ. /
_cՄ. Շաթիրյան.
260 _aԵրևան :
_bՍովետական գրող,
_c1983.
300 _a2 գ. ;
_c22 սմ.
505 0 _gԳ. 1 (1983, 528 էջ)
_rԽմբ.՝ Ռ.Գ. Սարգսյան
_gԳ. 2 (1986, 608 էջ)
_rՎերջաբ. հեղ. Ա. Պետրոսյան; Խմբ.՝ Դ.Մ. Սարգսյան
650 1 4 _aՀայ գրականություն
_xՊատմավեպ
_zԿիլիկիա
653 0 _aՀայոց պատմություն
700 1 _aՊետրոսյան, Ալվարդ Բարդուղի,
_d1946-
_eվերջաբ.
_4aft
_91389
700 1 _aՍարգսյան, Դավիթ Մկրտչի,
_q(Դավիթ Մկր-Սարգսյան),
_d1957-
_eխմբ.
_4edt
_93377
942 _cBK
_2udc
090 _c103757
999 _c102438
_d102438